Možnosti a limity OSN pri riešení palestinsko-izraelského konfliktu bakalárska práca
Enregistré dans:
| Auteur principal: | |
|---|---|
| Collectivité auteur: | |
| Autres auteurs: | |
| Format: | Livre |
| Langue: | slovaque |
| Publié: |
Bratislava
2020
|
| Tags: |
Pas de tags, Soyez le premier à ajouter un tag!
|
MARC
| LEADER | 00000nbm a2200000 4500 | ||
|---|---|---|---|
| 001 | 0265766 | ||
| 005 | 20200910084744.8 | ||
| 041 | 0 | |a slo | |
| 044 | |a SK | ||
| 245 | 1 | 0 | |a Možnosti a limity OSN pri riešení palestinsko-izraelského konfliktu |b bakalárska práca |c Marcela Špacírová ; školiteľ: Ľubomír Čech |
| 264 | 1 | |a Bratislava |c 2020 | |
| 300 | |a 60 s. | ||
| 100 | 1 | |a Špacírová, Marcela | |
| 700 | 1 | |a Čech, Ľubomír, 1955- | |
| 710 | 2 | |a Fakulta medzinárodných vzťahov EU. Katedra medzinárodných politických vzťahov | |